Jean Variations du Nom - Extrême - Statistiques

Statistiques générales
  • Ce quiz a été pris 26 fois
  • Le résultat moyen est 18 sur 97
Statistiques - réponses
Langue/Origine Sexe Nom % Correct
Anglais Jean/Jeanne
100%
Francais Jean/Jehan
100%
Néerlandais Jo
92%
Anglais John/Jon
88%
Islandais Jón
88%
Francais Johan
83%
Néerlandais Jan
75%
Anglais Jan
75%
Néerlandais Yan
75%
Espanol Juan/Juanito
71%
Francais Yann
67%
Breton Yann
67%
Anglais Joan
63%
Portugais Joan/Joane
63%
French Yannick/Yannig/Yoan
63%
Écossais Eoin/Ian/Iain
54%
Italien Giovanni
54%
Grec/Anglais Joanna/Joanne/Johanna/Johanne
54%
Portugais João
54%
Italien Gian
38%
Grec Gianni/Giannis/Ioannes/Ioannis/Yianni/Yiannis
38%
Francais Jeannot
33%
Lituanien Jonas
25%
Allemand Hannes/Hans/Han
21%
Roumain Ioan
21%
Slave Ivan
21%
Scandinave Jens
21%
Allemand Johannes
21%
Irlandais Sean/Shane/Shaun/Shawn/Shayn
21%
Anglais Jack
17%
Anglais Jane
17%
Espanol Juana/Juanita
17%
Hebreu Yohanan
17%
Italien Gianna
13%
Estonien Jaanus
13%
Anglais Sur Johns
13%
Écossais Ewan
8%
Italien Giovanna
8%
Anglais Janet
8%
Anglais Sur Johnson/Johnsson/Jonson/Jonsson
8%
Gallois Sur Jones
8%
Gallois Evan/Iefan/Ifan
4%
Albanais Gjin
4%
Albanais Gjon
4%
Grec Ioanna
4%
Latin Iohannes
4%
Slave Ivana
4%
Portugais Ivo
4%
Anglais Sur Jackson
4%
Slave Janes
4%
Anglais Janice/Janis
4%
Estonien Janno
4%
Irlandais Shawna
4%
Aragonais Chuan
0%
Congolais Dzon
0%
Basque Ganix
0%
Corse Ghjuvanni
0%
Ladin Giuani
0%
Albanais Gjoni
0%
Néerlandais Hank
0%
Néerlandais Hannah
0%
Slave Honza
0%
Gallois Ianto
0%
Basque Iban
0%
Gallois Ieuan/Iwan
0%
Grec Sur Ioannou/Joannou
0%
Slave Ivanka
0%
Néerlandais Janke
0%
Hongrois János
0%
Scandinave Sur Jensen
0%
Écossais Sur Johnston/Johnstone
0%
Néerlandais Joke
0%
Slave Jovan
0%
Écossais Sur Jovanović
0%
Cornouaillais Jowan
0%
Finlandais Juha
0%
Estonien Juhan
0%
Finlandais Juhani
0%
Estonien Juho
0%
Estonien Jukk
0%
Portugais Juo
0%
Italien Nina
0%
Italien Nino
0%
Americain Rashaun/Rashawn/Deshaun/Deshawn
0%
Irlandais Seona
0%
Irlandais Shavonne/Siobhán
0%
Irlandais Sinéad
0%
Irlandais Síne/Shena
0%
Gallois Siôn
0%
Irlandais Siún
0%
Italien Vanni
0%
Galicien Xan
0%
Albanais Xhon/Xhoni
0%
Galicien Xoán
0%
Galicien Xoana
0%
Asturien Xuan
0%
Cornouaillais Yowan
0%
Aucun quiz correspondant
Distribution des résultats
% des personnes avec chaque résultat
Percentile par nombre de réponses
Votre historique - résultats
Vous n’avez pas pris ce quiz